Financial management. / (Record no. 1433)

MARC details
000 -LEADER
fixed length control field 00753cam a22002412 4500
001 - CONTROL NUMBER
control field 0000024191
005 - DATE AND TIME OF LATEST TRANSACTION
control field 20151021151152.0
008 - FIXED-LENGTH DATA ELEMENTS--GENERAL INFORMATION
fixed length control field 130618s xx 000 0 eng d
020 ## - INTERNATIONAL STANDARD BOOK NUMBER
International Standard Book Number 9966011501
040 ## - CATALOGING SOURCE
Original cataloging agency KABU
Transcribing agency KABU
050 #0 - LIBRARY OF CONGRESS CALL NUMBER
Classification number HG4026
Item number .M83 2009
100 1# - MAIN ENTRY--PERSONAL NAME
Personal name Mudida, Robert.
-- 0000161150
245 10 - TITLE STATEMENT
Title Financial management. /
Statement of responsibility, etc. Robert Mudida, Geoffrey Ngene.
250 ## - EDITION STATEMENT
Edition statement 1st ed.
260 ## - PUBLICATION, DISTRIBUTION, ETC. (IMPRINT)
Place of publication, distribution, etc. Nairobi :
Name of publisher, distributor, etc. Focus,
Date of publication, distribution, etc. 2010.
300 ## - PHYSICAL DESCRIPTION
Extent 360 p.
650 #0 - SUBJECT ADDED ENTRY--TOPICAL TERM
Topical term or geographic name as entry element Corporations
General subdivision Finance.
-- 0000007704
700 1# - ADDED ENTRY--PERSONAL NAME
Personal name Ngene, Geoffrey.
-- 0000184151
852 1# - LOCATION
-- p880 KES
852 1# - LOCATION
-- p880 KES
908 ## - PUT COMMAND PARAMETER (RLIN)
Put command parameter 130618
950 ## - LOCAL HOLDINGS (RLIN)
-- 1
Holdings
Withdrawn status Lost status Source of classification or shelving scheme Damaged status Not for loan Home library Current library Date acquired Total Checkouts Full call number Barcode Date last seen Price effective from Koha item type Total Renewals Date last checked out
    Library of Congress Classification     Kabarak, Nakuru City Campus Kabarak, Main Campus 21/10/2015 28 HG4026 .M83 2010 c. 1 015488 02/09/2024 21/10/2015 General Collection 2 26/08/2024
  Lost and Paid For Library of Congress Classification     Kabarak, Nakuru City Campus Kabarak, Nakuru City Campus 21/10/2015   HG4026 .M83 2010 c. 2 015485 21/10/2015 21/10/2015 Children Collection    
Designed with assistance from East African Informatics Ltd